China : people and place in the land of one billion

Bibliographic Details
Main Author: Smith, Christopher J
Format: Book
Published: Boulder : Westview Press , 1991
Subjects:

MARC

LEADER 00000cam a2200000 7i4500
001 0000004781
002 000005154
005 20000330.0
020 |a 0813308534 
090 0 0 |a 951   |b SMI 
100 1 |a Smith, Christopher J 
245 1 0 |a China :   |b people and place in the land of one billion   |c Christopher J.Smith 
260 |a Boulder :   |b Westview Press ,   |c 1991 
300 |a 355p. ;   |c 25cm. 
650 0 0 |a China   |x Geography 
999 |a 037516   |b BUKU   |c PINJAMAN   |e PERPUSTAKAAN KOMUNITI PETALING JAYA 
999 |a 037517   |b BUKU   |c PINJAMAN   |e PERPUSTAKAAN KOMUNITI PETALING JAYA